LEADER 01127nam0-2200349---450- 001 990008147930403321 005 20130725101311.0 035 $a000814793 035 $aFED01000814793 035 $a(Aleph)000814793FED01 035 $a000814793 100 $a20050711d1947----km-y0itay50------ba 101 1 $afre 102 $aFR 105 $ay--------00yy 200 1 $aLettres a Olympias$fJean Chrysostome$gintroduction et traduction de Anne-Marie Malingrey 210 $aParis$cLes Éditions du Cerf$dstampa 1947 215 $a220 p.$d20 cm 225 1 $aSources chrétiennes$v13 500 10$aEpistulae ad Olympiadem$m$948821 676 $a251$v21$zita 700 0$aJohannes :$cChrysostomus$f$0400329 702 1$aMalingrey,$bAnne-Marie 801 0$aIT$bUNINA$gRICA$2UNIMARC 901 $aBK 912 $a990008147930403321 952 $aDDR-Fonti II- Ioannes Chrysost. Tr.2 Ad Olymp. epist.1$b1797 ddr$fDDR$m21-7184 952 $aP2B-590-S.C.-JOHANN.CHRYS.-4458F-1947$bBibl. 21698$fFLFBC 959 $aDDR 959 $aFLFBC 996 $aEpistulae ad Olympiadem$948821 997 $aUNINA LEADER 02777oas 22010333a 450 001 9910146794403321 005 20260128110041.0 011 $a1930-6458 035 $a(DE-599)ZDB2067799-6 035 $a(OCoLC)60623626 035 $a(CONSER) 2006212169 035 $a(CKB)954925490870 035 $a(DE-599)2067799-6 035 $a(EXLCZ)99954925490870 100 $a20050614a19789999 sy a 101 0 $aeng 135 $aurun||||||||| 181 $ctxt$2rdacontent 182 $cc$2rdamedia 183 $acr$2rdacarrier 200 14$aThe journal of popular film and television $eJPF & T 210 $aBowling Green, Ohio $cThe Journal 300 $aRefereed/Peer-reviewed 300 $aRefereed/Peer-reviewed 300 $aIssues for have title: Journal of popular film & television. 300 $aPublished: Washington, D.C. : Heldref Publications, 311 08$a0195-6051 517 1 $aJPF & T 517 1 $aJPF and T 517 1 $aJournal of popular film & television 606 $aMotion pictures$vPeriodicals 606 $aTelevision broadcasting$vPeriodicals 606 $aCine?ma$vPe?riodiques 606 $aTe?le?spectateurs$vPe?riodiques 606 $aTe?le?vision$vPe?riodiques 606 $aMotion pictures$2fast$3(OCoLC)fst01027285 606 $aTelevision broadcasting$2fast$3(OCoLC)fst01146714 606 $aFernsehsendung$2gnd 606 $aFilmkunst$2gtt 606 $aTelevisie$2gtt 606 $aPopulaire cultuur$2gtt 606 $aFilm$2swd 608 $aPeriodicals.$2fast 608 $aPeriodicals.$2lcgft 608 $aperiodicals.$2aat 608 $aPe?riodiques.$2rvmgf 615 0$aMotion pictures 615 0$aTelevision broadcasting 615 6$aCine?ma 615 6$aTe?le?spectateurs 615 6$aTe?le?vision 615 7$aMotion pictures. 615 7$aTelevision broadcasting. 615 7$aFernsehsendung 615 17$aFilmkunst. 615 17$aTelevisie. 615 17$aPopulaire cultuur. 615 07$aFilm. 676 $a791.43/05 801 0$bOCLCS 801 1$bOCLCS 801 2$bNSD 801 2$bOCLCQ 801 2$bOCLCE 801 2$bOCLCQ 801 2$bOCLCO 801 2$bOCLCF 801 2$bDLC 801 2$bOCLCO 801 2$bAUD 801 2$bUKMGB 801 2$bVT2 801 2$bOCLCQ 801 2$bELW 801 2$bZAC 801 2$bCUY 801 2$bOCLCO 801 2$bU3W 801 2$bDLC 801 2$bOCLCQ 801 2$bUAB 801 2$bOCLCA 801 2$bOCLCQ 801 2$bS2H 801 2$bDYJ 906 $aJOURNAL 912 $a9910146794403321 996 $aThe journal of popular film and television$91926924 997 $aUNINA